000 00563cam a22002171 4500
001 he 66000175
003 DLC
005 20260227111435.0
008 830728s1964 is 000 0 heb
010 _ahe 66000175
035 _a(OCoLC)19148860
040 _aDLC
_cMH
_dDLC
042 _apremarc
050 0 0 _aCT203.H4
_bC6
100 1 _aCohen, Adir.
245 1 0 _aGedole ha-dorot.
260 _aTel Aviv :
_bA. Zelḳovits,
_c[1964]
300 _a680 columns :
_bill., ports. ;
_c25 cm.
650 0 _aBiography
_vDictionaries.
752 _aIsrael
_dTel Aviv
999 _c31471
_d31471